000 00750nam a22002055i 4500
001 170329
003 ES-MaACL
005 20250908213540.0
008 090224s1955 xxk |||| | eng d
080 _a782.1
100 1 _aBritten, Benjamin.
_931806
245 1 4 _aThe turn of the screw
_b: opera in two acts : libretto /
_cBenjamin Britten ; text by Myfanwy Piper ; adapted from the story by Henry James.
260 _aLondon :
_bBoosey and Hawkes,
_c[1955]
300 _a40 p. ;
_c20 cm.
650 1 4 _aÓperas-
_vLibretos.
_9137584
700 1 _aPiper, Myfanwy.
_9139521
700 1 _aJames, Henry,
_d1843-1916
_9242228
852 _aES-MaACL
_j2249-F-21
_9R.140875
_z.- Biblioteca Jacinto Martínez Lacalle
999 _c170329
_d170329